Pasportizácia zrúcanín : metodická brožúra k vykonávaniu pasportizácie zrúcanín

Enregistré dans:
Détails bibliographiques
Auteurs principaux: Kohút, Vladimír (Auteur), Staník, Ivan (Auteur), Závacký, Jozef (Auteur), Makýš, Oto, 1962- (Auteur)
Format: Livre
Langue:slovaque
Publié: Bratislava : Renesans, 2010
Édition:1. vyd.
Sujets:
Tags: Ajouter un tag
Pas de tags, Soyez le premier à ajouter un tag!

MARC

LEADER 00000nam a22000003a 4500
001 stu215728
005 20220317185402.0
008 101030s2010----xo------------------slo-d
020 |a 978-80-89402-26-7 
040 |a STU  |b slo 
041 0 |a slo 
044 |a xo 
100 1 |a Kohút, Vladimír  |4 aut  |9 15 
245 1 |a Pasportizácia zrúcanín :  |b metodická brožúra k vykonávaniu pasportizácie zrúcanín 
250 |a 1. vyd. 
260 |a Bratislava :  |b Renesans,  |c 2010 
300 |a 84 s. 
650 7 |a metodika  |2 stusub 
700 1 |a Staník, Ivan  |4 aut  |9 15 
700 1 |a Závacký, Jozef  |4 aut  |9 19 
700 1 |a Makýš, Oto,  |d 1962-  |4 aut  |u V270  |9 51  |U SvF Stavebná fakulta  |T SvF Katedra technológie stavieb  |X 832  |U V270  |Y 28  |7 A000000832 
996 |b 284V033984  |c V*9216/K-2306a  |l VVT  |s A  |a 24  |w stu215728_0001